Patrimonio reservado de la mujer casada en sociedad conyugal: naturaleza jurídica de los bienes que conforman este patrimonio

保存先:
書誌詳細
主要な著者: Arriagada Díaz, Pablo (著者), Jorquera, Maykel Antonio (著者)
フォーマット: 図書
言語:スペイン語
出版事項: Santiago Libro Lex 2014
版:2a. ed
主題:
タグ: タグ追加
タグなし, このレコードへの初めてのタグを付けませんか!

MARC

LEADER 00000cam a2200000 a 4500
001 UCE7279
003 CL-VaPUC
008 150605e20140000cl |||||||||||||||||spa|d
020 |a 9789568746001 
082 0 4 |a 346.016  |b ARR  |2 21 
100 0 |a Arriagada Díaz, Pablo  |e author  |9 579961 
700 0 |a Jorquera, Maykel Antonio  |e author  |9 579962 
245 1 0 |a Patrimonio reservado de la mujer casada en sociedad conyugal: naturaleza jurídica de los bienes que conforman este patrimonio 
250 |a 2a. ed 
300 |a 145 p 
942 |c BK 
945 |d 20150605 14:50:00  |a dcastane 
260 |a Santiago  |b Libro Lex  |c 2014 
650 0 |a Matrimonio civil  |9 385406 
650 0 |a Sociedad conyugal   |9 357527 
650 0 |a Mujer casada  |9 255924 
650 0 |a Regímenes matrimoniales  |9 357525 
650 7 |a PATRIMONIO RESERVADO DE LA MUJER CASADA  |2 CL-VaPUC  |9 579963 
583 |a last modification  |c 20150605 14:50:00  |k Rodrigo Vera 
999 |c 359380  |d 359378 
952 |0 0  |1 0  |3 erb  |4 0  |6 346_016000000000000_ARR_2014  |7 0  |8 A  |9 468542  |a BIBDER  |b BIBDER  |i 5161630  |l 1  |o 346.016 ARR 2014  |p 5161630  |r 2024-07-31  |s 2024-07-31  |w 2019-11-23  |y BK  |z Catalogado en:20150605  |k DER